书目信息 |
| 题名: |
微机应用速成
|
|
| 作者: | 仪垂杰 编著 | |
| 分册: | ||
| 出版信息: | 西安 西安交通大学出版社 1994 |
|
| 页数: | 323页 | |
| 开本: | 26cm | |
| 丛书名: | ||
| 单 册: | ||
| 中图分类: | TP36 | |
| 科图分类: | ||
| 主题词: | 微型计算机--教材 | |
| 电子资源: | ||
| ISBN: | 7-5605-0645-3 | |
| 000 | 00650nam0 2200229 450 | |
| 001 | 0100468284 | |
| 005 | 20101119092450.0 | |
| 010 | @a7-5605-0645-3@dCNY15.00 | |
| 011 | @a7-5605-0645-3 | |
| 100 | @a20021005d1994 em y0chiy0110 ea | |
| 101 | 0 | @achi |
| 102 | @aCN@b610000 | |
| 105 | @ay z 000yy | |
| 106 | @ar | |
| 200 | 1 | @a微机应用速成@9Wei Ji Ying Yong Su Cheng @e微机短训班教程@f仪垂杰等编著@b专著 |
| 210 | @a西安@c西安交通大学出版社@d1994 | |
| 215 | @a323页@d26cm | |
| 606 | 0 | @a微型计算机@x教材 |
| 690 | @aTP36@v3 | |
| 701 | 0 | @a仪垂杰@f(1958~)@9yi chui jie@4编著 |
| 801 | 0 | @aCN@bAiZhiMarc@c19940725 |
| 905 | @aBZT@dTP@e18@f3@sTP/18 | |
| 微机应用速成:微机短训班教程/仪垂杰等编著.-西安:西安交通大学出版社,1994 |
| 323页;26cm |
| ISBN 7-5605-0645-3:CNY15.00 |
| ● |
| 相关链接 |
|
|
|
正题名:微机应用速成
索取号:TP/18
 
预约/预借
| 序号 | 登录号 | 条形码 | 馆藏地/架位号 | 状态 | 备注 |
| 1 | 2000102515 | 2000102515 | 旧书回溯/ [索取号:TP/18] | 在馆 | |
| 2 | 2000141685 | 2000141685 | 旧书回溯/ [索取号:TP/18] | 在馆 | |
| 3 | 2000141691 | 2000141691 | 旧书回溯/ [索取号:TP/18] | 在馆 |